Catalog

Record Details

Catalog Search



Wormwood  Cover Image Book Book

Wormwood / Susan Wittig Albert.

Summary:

While getting some much needed rest and assisting with some herbal workshops, China Bayles stumbles over old secrets in a Kentucky Shaker village after a shocking death occurs during her stay.

Record details

  • ISBN: 9780425226094
  • ISBN: 0425226093
  • Physical Description: vi, 307 pages ; 24 cm.
  • Edition: 1st edition
  • Publisher: New York : Berkley Prime Crime, ©2009.

Content descriptions

Bibliography, etc. Note:
Includes bibliographical references (pages [297]).
Subject: Shakers > Kentucky > Fiction.
Bayles, China (Fictitious character) > Fiction.
Herbalists > Fiction.
Women private investigators > Fiction.
Murder > Investigation > Fiction.
Genre: Mystery fiction.

Available copies

  • 1 of 1 copy available at scottsboropl.

Holds

  • 0 current holds with 1 total copy.
Show Only Available Copies
Location Call Number / Copy Notes Barcode Shelving Location Status Due Date
scottsboropl F Alb 32269000965163 Adult - Fiction Available -

LDR 01410nam a2200373 a 4500
001139687
003CONS
00520150824134232.0
008081210s2009 nyu b 000 1 eng
010 . ‡a 2008053104
020 . ‡a9780425226094
020 . ‡a0425226093
035 . ‡a(CPomAG)LMN589895
043 . ‡an-us-ky
05000. ‡aPS3551.L2637 ‡bW67 2009
08200. ‡a813/.54 ‡222
1001 . ‡aAlbert, Susan Wittig.
24510. ‡aWormwood / ‡cSusan Wittig Albert.
250 . ‡a1st edition
260 . ‡aNew York : ‡bBerkley Prime Crime, ‡c©2009.
300 . ‡avi, 307 pages ; ‡c24 cm.
4901 . ‡aChina Bayles mysteries
504 . ‡aIncludes bibliographical references (pages [297]).
520 . ‡aWhile getting some much needed rest and assisting with some herbal workshops, China Bayles stumbles over old secrets in a Kentucky Shaker village after a shocking death occurs during her stay.
61020. ‡aShakers ‡zKentucky ‡vFiction.
650 0. ‡aBayles, China (Fictitious character) ‡vFiction.
650 0. ‡aHerbalists ‡vFiction.
650 0. ‡aWomen private investigators ‡vFiction.
650 0. ‡aMurder ‡xInvestigation ‡vFiction.
655 7. ‡aMystery fiction. ‡2gsafd
8001 . ‡aAlbert, Susan Wittig. ‡tChina Bayles mysteries.
914 . ‡aSCP_pc
959 . ‡i32269000965163 ‡lF Alb ‡aAdult - Fiction ‡tFiction ‡g25.00
852 . ‡p32269000965163 ‡jF Alb ‡gAdult - Fiction ‡cFiction ‡y25.00 ‡bSBPL
901 . ‡a139687 ‡bUnknown ‡c139687 ‡tbiblio

Additional Resources